00250nam a2200109Ia 4500008004100000082001000041100001900051245001700070260001900087630001700106730001700123100328s9999 xx 000 0 und d b45797 aLewis Craig A. aHigh Profile bHeadline books aHigh Profile aHigh Profile